Geothermal energy (Record no. 192165)
[ view plain ]
| 000 -LEADER | |
|---|---|
| fixed length control field | 01487nam a2200349Ia 4500 |
| 100 1# - MAIN ENTRY--AUTHOR NAME | |
| Personal name | Gupta, Harsh K., |
| 245 10 - TITLE STATEMENT | |
| Title | Geothermal energy |
| 250 ## - EDITION STATEMENT | |
| Edition statement | 1st ed. |
| 260 ## - PUBLICATION, DISTRIBUTION, ETC. (IMPRINT) | |
| Place of publication | Amsterdam, The Netherlands ; |
| -- | Boston : |
| Name of publisher | Elsevier, |
| Year of publication | 2007. |
| 300 ## - PHYSICAL DESCRIPTION | |
| Number of Pages | xii, 279 p. : |
| Other physical details | ill., maps. |
| 500 ## - GENERAL NOTE | |
| General note | Updated version of "Geothermal resources: an energy alternative" published by Elsevier in 1980. |
| 650 #0 - SUBJECT ADDED ENTRY--TOPICAL TERM | |
| Topical Term | Geothermal engineering. |
| Topical Term | Geothermal resources. |
| 700 1# - ADDED ENTRY--PERSONAL NAME | |
| Personal name | Roy, Sukanta. |
| Personal name | Gupta, Harsh K., |
| 856 40 - ELECTRONIC LOCATION AND ACCESS | |
| Uniform Resource Identifier | http://site.ebrary.com/lib/rucke/Doc?id=10151421 |
No items available.
